| 000 | 00366nam a2200133Ia 4500 | ||
|---|---|---|---|
| 005 | 20251222175919.0 | ||
| 008 | 251222s9999||||xx |||||||||||||| ||spa|| | ||
| 020 | _a978-603-45270-5-8 | ||
| 082 | _a344.01/O73/T.1 | ||
| 100 | _aOrtega SalavarrÃa, Rosa | ||
| 245 | 0 | _aContingencias Tributarias y Laborales: | |
| 264 | _bEdiciones Caballero Bustamante | ||
| 942 | _cLIB | ||
| 999 |
_c40596 _d40596 |
||